000 00348nam a2200145Ia 4500
008 230917s9999||||xx |||||||||||||| ||und||
040 _e30254
_aMAIN
041 _aEnglish
082 _a001.64 S98F
100 _aSaxena, Sanjay
245 0 _aFirst course in computers
260 _aNew Delhi
_bVikas
_c1998
300 _axvi, 60 p.
942 _cBK
999 _c101301
_d101301